000 00636nam a2200241 a 4500
003 AR-BaBNM
005 20251128205621.0
008 082120s2002 ||||||||||||||000 | spa||
020 _a84-376-0317-X
040 _cAR-BaBNM
100 1 _aTopolski, Jerzy
245 0 0 _aMetodología de la historia
260 _aMadrid
_bEdiciones Cátedra
_c1992
300 _a519 p.
_btablas, gráfs.
500 _aLas notas se encuentran a pie de página
650 4 _aROMANTICISMO
650 4 _aFILOSOFIA DE LA HISTORIA
650 4 _aMETODO HISTORICO
650 4 _aHISTORIOGRAFIA
650 4 _aCULTURA
942 _cBK
998 _cMariana
999 _c12138
_d12138